Trade, globalization and poverty /

Bibliographic Details
Other Authors: Dinopoulos, Elias
Format: Book
Language:English
Published: London ; New York : Routledge, 2008.
Series:Routledge studies in international business and the world economy ; 40.
Subjects:

MARC

Tag First Indicator Second Indicator Subfields
LEADER 00000cam a22000004a 4500
001 in00002361513
005 20151109040642.0
008 070705s2008 enk 011 0 eng
010 |a  2007027948 
019 |a 164510371 
020 |a 9780415773225 (hardcover) 
020 |a 0415773229 (hardcover) 
020 |a 9780203932926 (e-book) 
020 |a 0203932927 (e-book) 
035 |a (OCoLC)ocn154678167 
035 |a (OCoLC)154678167  |z (OCoLC)164510371 
040 |a DLC  |c DLC  |d BAKER  |d BTCTA  |d YDXCP  |d BWKUK  |d UtOrBLW 
043 |a d------ 
049 |a TXAM 
050 0 0 |a HF1379  |b .T7237 2008 
082 0 0 |a 339.4/6091724  |2 22 
245 0 0 |a Trade, globalization and poverty /  |c edited by Elias Dinopoulos [and others]. 
264 1 |a London ;  |a New York :  |b Routledge,  |c 2008. 
300 |a xiv, 268 pages ;  |c 24 cm. 
336 |a text  |b txt  |2 rdacontent 
337 |a unmediated  |b n  |2 rdamedia 
338 |a volume  |b nc  |2 rdacarrier 
490 1 |a Routledge studies in international business and the world economy ;  |v 40 
500 |a "This volume celebrates the seventieth birthday of Jagdish Bhagwati"--introduction. 
500 |a Includes index. 
505 0 |a Globalization and poverty / T.N. Srinivasan -- Globalization and poverty : what is the evidence? / Emma Aisbett, Ann Harisson, and Alix Peterson Zwane -- International trade, labor turnover, and the wage premium : testing the Bhagwati-Dehejia hypothesis for Canada / Eugene Beaulieu, Vivek H. Dehejia, and Hazrat-Omar Zakhilwal -- Human capital, trade liberalization, and income risk / Tom Kreps, Pravin Krishna, and William Maloney -- Patent protection and global Schumpeterian growth / Elias Dinopoulos, Ali Gungoraydinoglu, and Constantinos Syropoulos -- Choosing between innovation and imitation in a model of international rivalry / Kenji Fujiwara, Koji Shimomura, and Kar-yiu Wong -- Foreign manufacturing affiliates of US multinationals : myths and realities in the globalization debate / James R. Markusen and Bridget Strand -- Who makes the rules of globalization? : corporate influence in global and regional trade agreements / Alan V. Deardorff -- Preferential trading and welfare : the small-union case revisited / Arvind Panagariya -- On the viability of conditional assistance programs / Wolfgang Mayer and Alex Mourmouras -- Is the United States a large country in world trade? : further evidence and implications for globalization / Stephen P. Magee, Kwan Yeol Yoo, Nakgyoon Choi, and Hong Shik Lee-- Taxing the brain drain : a reassessment of the Bhagwati proposal / John Douglas Wilson. 
650 0 |a International trade. 
650 0 |a Commercial policy. 
651 0 |a Developing countries  |x Economic conditions. 
650 0 |a Globalization  |x Economic aspects. 
600 1 0 |a Bhagwati, Jagdish N.,  |d 1934- 
700 1 |a Dinopoulos, Elias. 
830 0 |a Routledge studies in international business and the world economy ;  |v 40. 
938 |a Baker and Taylor  |b BTCP  |n BK0007322252 
938 |a YBP Library Services  |b YANK  |n 100475220 
938 |a Baker & Taylor  |b BKTY  |c 150.00  |d 150.00  |i 0415773229  |n 0007322252  |s active 
945 |a PromptCat  |b 354548 
946 |a west,stk 
947 |a A14836836884 
994 |a 92  |b TXA 
948 |a cataloged  |b h  |c 2008/3/17  |d c  |e asalazar  |f 1:53:08 pm 
999 |a MARS 
999 f f |s 75aa5a44-dd22-37ea-babc-c95adce85226  |i cbbdf4e7-a344-3a5f-aefe-a19931ee35c1  |t 0 
952 f f |p ric  |a Texas A&M University  |b Rellis Campus  |c Joint Library Facility  |d Remote Storage  |t 0  |e HF1379 .T7237 2008  |h Library of Congress classification  |i unmediated -- volume  |m A14836836884 
998 f f |a HF1379 .T7237 2008  |t 0  |l Remote Storage